|
|
|
|
| LEADER |
00000cam a2200000 a 4500 |
| 001 |
vtls001067164 |
| 003 |
SK-MaSNL |
| 005 |
20260302063758.0 |
| 008 |
240226s1991 xo a frnf 001 0 slo |
| 015 |
|
|
|a SNBA1992/03
|
| 020 |
|
|
|a 8021702826
|q (viazané)
|
| 035 |
|
|
|a SNK000009994
|
| 035 |
|
|
|a 0A36F873-AF93-45FF-8399-D0A801077E79
|
| 035 |
|
|
|a urn:nbn:sk:snk-am00ighy
|
| 040 |
|
|
|a SNK
|b slo
|c SNK
|e AACR2
|
| 041 |
0 |
|
|a slo
|
| 044 |
|
|
|a xo
|c SK
|
| 072 |
|
7 |
|a 616
|x Patológia. Klinická medicína
|2 konspekt
|
| 080 |
|
|
|a 616-08:615.2/.3
|2 2011
|
| 080 |
|
|
|a 615.283/.285
|2 2001
|
| 080 |
|
|
|a (035)
|2 2011
|
| 100 |
1 |
|
|a Čatár, Gustáv,
|d 1927-2017
|4 aut
|9 14279
|
| 245 |
1 |
0 |
|a Aktuálne farmakoterapeutiká
|n 4
|p Antiparazitiká
|c Gustáv Čatár, Vladimír Krčméry ml., Koloman Sobota
|
| 246 |
3 |
0 |
|a Antiparazitiká
|
| 250 |
|
|
|a 1. vyd.
|
| 260 |
|
|
|a Martin
|b Osveta
|c 1991
|
| 300 |
|
|
|a 195 s.
|b tabuľky
|c 21 cm
|
| 504 |
|
|
|a Obsahuje bibliografiu a register
|
| 650 |
0 |
7 |
|a farmakoterapia
|2 SNKPH
|9 14158
|
| 650 |
0 |
7 |
|a antiparazitiká
|2 SNKPH
|9 19984
|
| 650 |
0 |
7 |
|a Pharmacotherapy
|2 SNKPHeng
|9 275426
|
| 650 |
0 |
7 |
|a Antiparasitics
|2 SNKPHeng
|9 407499
|
| 655 |
|
7 |
|a príručky
|2 SNKPH
|9 74364
|
| 655 |
|
7 |
|a Handbooks, manuals, etc.
|2 SNKPHeng
|9 90964
|
| 700 |
1 |
|
|a Krčméry, Vladimír,
|d 1960-2022
|4 aut
|9 113530
|
| 700 |
1 |
|
|a Sobota, Koloman,
|d 1927-2004
|4 aut
|9 209696
|
| 852 |
|
|
|a Slovenská národná knižnica
|
| 919 |
|
|
|a 80-217-0282-6
|
| 954 |
|
|
|a odborná, vedecká literatúra pôvodná (slovenská)
|2 lita
|
| 958 |
|
|
|a NB
|
| 958 |
|
|
|a TL
|
| 958 |
|
|
|a MI
|
| 958 |
|
|
|a OND
|
| 999 |
|
|
|c 1133984
|d 1135914
|
| 952 |
|
|
|a SNK
|b SNK
|y VYP
|7 0
|p 17A0146857
|o snkSC 81136/4 D1
|0 0
|1 0
|4 0
|d 1998-07-03
|l 0
|r 2004-12-31 00:00:00
|w 2026-02-24
|
| 952 |
|
|
|a SNK
|b SNK
|y PREZ
|7 0
|p 17A0994858
|o snkSC 81136/4
|i snkKSP 1349/92
|0 0
|1 0
|4 0
|d 2012-08-13
|f 1
|l 0
|r 2026-02-24 19:13:23
|w 2026-02-24
|